Państwa Afryki (Quiz) - Statystyki

Ogólne statystyki
  • Ten quiz został rozwiązany 105 razy
  • Średni wynik to 40 z 54
Odpowiedzi na mapie
Odpowiedzi zakodowano w zielono-czerwonej skali na mapie do tego quizu, zgodnie z poniższymi procentami.
 
Statystyki odpowiedzi
Kraj % Poprawnych
Egipt
100%
RepublikaPołudniowej Afryki
98%
Niger
94%
Demokratyczna Republika Konga
92%
Madagaskar
92%
Nigeria
92%
Tunezja
92%
Libia
90%
Algieria
88%
Kongo
88%
Maroko
86%
Somalia
86%
Czad
84%
Etiopia
84%
Sudan
82%
Kenia
80%
Mali
80%
Zambia
80%
Wybrzeże KosciSloniowej
78%
Angola
76%
Uganda
76%
Zimbabwe
76%
Lesotho
74%
Mauretania
74%
Mozambik
74%
Republika Srodkowo
Afrykanska
74%
Sudan Południowy
74%
Tanzania
74%
Botswana
72%
Erytrea
72%
Gwinea
72%
Ghana
70%
Senegal
68%
Seszele
68%
Kamerun
66%
Liberia
66%
Burundi
64%
Eswatini
64%
Gwinea Równikowa
64%
Namibia
64%
Rwanda
62%
Sierra Leone
62%
Dżibuti
60%
Gambia
60%
Gwinea Bissau
60%
Malawi
60%
Togo
60%
Benin
58%
Burkina Faso
56%
Komory
56%
Mauritius
56%
Republika Zielonego Przyladka
56%
Wyspy Świętego Tomasza i Książeca
56%
Gabon
50%
Nie znaleziono quizów pasujących do podanych kryteriów
Rozkład punktacji
Procent ludzi z każdym wynikiem
Percentyl według liczby udzielonych odpowiedzi
Twoja historia wyników
Nie rozwiązałeś tego quizu